|
|
|
|
| LEADER |
00894nam a2200229 a 4500 |
| 001 |
00024195 |
| 008 |
120111r2010 cc a b 001 0 eng d |
| 020 |
|
|
|a 9789350231777
|
| 020 |
|
|
|a 9780596802356
|
| 040 |
|
|
|a BD-DhAAL
|c BD-DhAAL
|
| 082 |
0 |
4 |
|a 005.74
|2 22
|
| 100 |
1 |
|
|a Janert,Philipp K.
|
| 245 |
1 |
0 |
|a Data analysis with open source tools /
|c Philipp K. Janert
|
| 250 |
|
|
|a 2nd ed.
|
| 260 |
|
|
|a Sebastopol, CA :
|b O'Reilly ;
|a New Delhi :
|b Shroff Publishers and Distributors
|c 2010 [Reprinted]
|
| 300 |
|
|
|a xviii, 509 p. :
|b ill. ;
|c 24 cm.
|
| 504 |
|
|
|a Includes index
|
| 541 |
1 |
|
|e 00024195
|
| 650 |
|
0 |
|a Data mining
|x Computer programs.
|
| 852 |
1 |
|
|a Ayesha Abed Library
|j General shelf
|
| 999 |
|
|
|c 11763
|d 11763
|
| 952 |
|
|
|0 0
|1 0
|4 0
|6 005_740000000000000_JAN
|7 0
|9 19158
|a BRACUL
|b BRACUL
|c GEN
|d 2012-01-15
|e Karim International
|g 1360.00
|l 8
|m 77
|o 005.74 JAN
|p 3010024195
|r 2025-10-19
|s 2025-10-11
|t 1
|w 2012-01-15
|y BK
|